| LDR | 00995cam 2200253 c 4500 | |
|---|---|---|
| 001 | 000000150905 | |
| 005 | 20110112120901 | |
| 007 | ta | |
| 008 | 110112s2010 000 kor | |
| 020 | ▼a 9788901108384 ▼g 03320 | |
| 040 | ▼a 248032 ▼d 248032 | |
| 049 | 1 | ▼l EM00015791 |
| 056 | ▼a 199.5 ▼2 5 | |
| 090 | ▼a 199.5 ▼b 실297ㅅ | |
| 100 | 1 | ▼a 실르그, 티나. |
| 245 | ▼a 스무살에 알았더라면 좋았을 것들 / ▼d 실르그, 티나. 지음, ▼e 이수경 옮김. | |
| 250 | ▼a 초판 15쇄. | |
| 260 | ▼a 서울 : ▼b 웅진씽크빅, ▼c 2010. | |
| 300 | ▼a 256p ; ▼c 22cm. | |
| 507 | ▼b What I wish I knew when I was 20 ▼a Tina Seelig | |
| 546 | ▼a 영어 원작을 한국어로 번역 | |
| 653 | ▼a 자기 계발 ▼a 인생교훈 | |
| 700 | 1 | ▼a 이수경 ▼e 옮김 |
| 950 | 0 | ▼b ₩12,000 |